01558 2200433 4500001002100000005001500021035002000036007000300056008004100059020003800100020003200138082001400170084001600184100002800200245025100228300005700479650003900536700003000575700002300605700002400628700002300652700003300675700003500708700002600743700003100769700003000800700003200830504002900862264003600891336002100927337003000948338002300978040002201001090002201023850001201045999002201057440002301079990002201102INLIS00000000086923720220329115121 a0010-0322000903ta220329s2020 yoia dr 0 ind d a978-979-28-3658-5 (jilid lengkap) a978-979-28-3661-5(jilid 2a)04223a510.7 a510.7 NGA m0 aNgapiningsihePengarang10aMatematika :buntuk SMA/MA mata pelajaran wajib kelas XI semester 1 /cNgapiningsih, Tyas Ika Utami, Suparno; penyunting, Miyanto, Muklis, Anna Yuni Astuti; ilustrator, Galih Wahyu Suseno, Sumartono, Rahmat Isnaini, Jarot Raharjo, Yulia Aninditia avi, 170 halaman :bilustrasi, gambar, tabel ;c30 cm 4aMatematika--xStudi dan pengajaran0 aTyas Ika Utamiepengarang0 aSuparnoepengarang0 aMiyantoepenyunting0 aMuklisepenyunting0 aAnna Yuni Astutiepenyunting0 aGalih Wahyu Susenoeilustrator0 aSumartonoeilustrator0 aRahmat Isnainieilustrator0 aJarot Raharjoeilustrator0 aYulia Aninditiaeilustrator aBibliografi: halaman 16031aBantul :bIntan Pariwara,c2020 2rdacontentateks 2rdamediaatanpa perantara 2rdacarrieravolume aYOPDYOGbinderda aCB-D.11 2020-3509 aYOPDYOG aCB-D.11/2020-3509 aPR merdeka belajar aCB-D.11/2020-3509